00643nam a2200193Ia 4500008004100000020001300041082001500054100003000069245003100099250000700130260004100137300002900178500001900207600002100226650005000247942000700297952013000304999001500434240925s9999 xx 000 0 und d a70444730 a005.43 MIL aMiller ,Michael Joseph 0aLinux for Windows Addicts  aNA aNew Delhi:bTata McGraw Hillc,2001. axxii,357p.bNAfOriginal aIncludes Index aComputer Science aComputer science, information & general works cBK 001040708CSaUITUbUITUd2002-05-15eRoyal Book Companyg580.85l0o005.43 MILpQ4148r2024-09-25 07:13:24w2024-09-25yBK c6647d6647